• 首页
  • 本馆介绍
  • 公告通知
  • 最新文献
  • 馆藏检索
  • 电子资源
  • 读者导购
  • 参考咨询
  • 我的图书馆
  • 登录
  • 详细信息显示
  • 放入我的书架
  • 预约/预借图书
  • 作者相关作品
  • 分类相关作品
  • 丛书相关作品
  • 出版社相关作品

书目信息

  • 表格格式
  • 工作单格式
  • 卡片格式
题名:
电视摄制的艺术
    
 
作者: 吉岩 著
分册:  
出版信息: 呼和浩特   内蒙古人民出版社  1985
页数: 368页
开本: 19cm
丛书名:
单 册:
中图分类: J93
科图分类:
主题词: 电视摄影-摄影艺术 , 摄影艺术-电视摄影
电子资源:
ISBN:
000 00627nam0 2200241 45
001 0185008344
005 20070924085552.93
010    @dCNY2.25
091    @aCN@b8089.205
100    @a19900918d1985 emky0chiy0121 ea
101 0  @achi
102    @aCN@b150000
105    @ac z 000yy
200 10 @a电视摄制的艺术@Adian shi she zhi de yi shu@f吉岩著
210    @a呼和浩特@c内蒙古人民出版社@d1985
215    @a368页@c照片@d19cm
606    @a电视摄影-摄影艺术
606    @a摄影艺术-电视摄影
690    @aJ93@v3
701  0 @a吉岩@Aji yan@4著
801  2 @aCN@bNLC@c20070924
801  0 @aCN@bTSSF
905    @a10447@dJ93@e223
    
    电视摄制的艺术/吉岩著.-呼和浩特:内蒙古人民出版社,1985
    368页:照片;19cm
    
    
    ISBN :CNY2.25
    
●
相关链接 在E读中查询图书 在五车中查询图书 在当当中查询图书 在豆瓣中查询图书


正题名:电视摄制的艺术     索取号:J93/223         预约/预借

序号 登录号 条形码 馆藏地/架位号 状态 备注
1 0625882   206258823   第一样本阅览室/ [索取号:J93/223] 在馆    
唐山师范学院图书馆 欢迎您!
大连网信软件有限公司© 版权所有